| 000 | 00753cam a22002411 4500 | ||
|---|---|---|---|
| 001 | 750694 | ||
| 003 | ARRUPE | ||
| 005 | 20220421100510.0 | ||
| 008 | 840517s1963 enka b 000 0 eng | ||
| 010 | _a 62019535 | ||
| 040 |
_aDLC/ICU _cICU _dDLC |
||
| 050 | 0 | 0 |
_aQA9 _b.K673 |
| 082 | 0 | 0 | _a510.1 |
| 100 | 1 |
_aKneebone, G. T. _951385 |
|
| 245 | 1 | 0 |
_aMathematical logic and the foundations of mathematics; _ban introductory survey. _cG.T. Kneebone |
| 260 |
_aLondon, _aNew York, _bVan Nostrand _c[1963] |
||
| 300 |
_a435 p. _billus. _c24 cm. |
||
| 504 | _aIncludes bibliography. | ||
| 650 | 0 |
_aMathematics _xPhilosophy. |
|
| 650 | 0 | _aLogic, Symbolic and mathematical. | |
| 906 |
_a7 _bcbc _corignew _du _eocip _f19 _gy-gencatlg |
||
| 942 |
_2lcc _cMONOGRAPH |
||
| 999 |
_c131329 _d131329 |
||